004860000a22001930004500003000400000005001700004008004100021010001400062020001500076020001600091035001300107040000800120082001000128100001500138245006600153260004600219260000900265300001800274dpl20081029122716.0081029t xxu||||| |||| 00| 0 eng d aENG-84587 a8182201268 c600.00 (hb) aEN-68120 cdpl a027.7 aJoshi, S C aUniversity libraries and national development /cby S C Joshi aNew DelhibGlobal Vision Publishing House c2005 avi,285pc22cm